O Diviši Divotvorovi a jiné pohádky /

Pohádková vyprávění o kouzelné Píšťalce z drážního domku, muži z obrazu Diviši Divotvorovi, vodnickém skřítku Slavoji, školním duchu Dobroduchovi, skřítku Knihomilovi a loupežníku Lotrovi.

Main Author: Křesťanová, Lucie, 1968-
Other Authors: Šajnerová, Tereza, 1990-
Language: Czech
Published: Praha : Česká citadela, 2020
Edition: Vydání první
Physical Description: 94 stran : barevné ilustrace ; 23 cm
Book
Saved in:
LEADER 01698nam a2200433 i 4500
001 nkc20203265761
003 CZ PrNK
005 20210305122243.0
007 ta
008 201118s2020 xr a b 000 j cze
015 |a cnb003265761 
020 |a 978-80-88382-13-3  |q (vázáno) 
035 |a (OCoLC)1240907692 
040 |a ABG001  |b cze  |e rda 
072 7 |a 821.162.3-3  |x Česká próza  |2 Konspekt  |9 25 
072 7 |a 821-93  |x Literatura pro děti a mládež (beletrie)  |2 Konspekt  |9 26 
080 |a 821.162.3-32  |2 MRF 
080 |a 821-93  |2 MRF 
080 |a (0:82-32)  |2 MRF 
100 1 |a Křesťanová, Lucie,  |d 1968-  |7 xx0147902  |4 aut 
245 1 0 |a O Diviši Divotvorovi a jiné pohádky /  |c Lucie Křesťanová ; ilustrovala Tereza Šajnerová 
250 |a Vydání první 
264 1 |a Praha :  |b Česká citadela,  |c 2020 
300 |a 94 stran :  |b barevné ilustrace ;  |c 23 cm 
336 |a text  |b txt  |2 rdacontent 
337 |a bez média  |b n  |2 rdamedia 
338 |a svazek  |b nc  |2 rdacarrier 
520 2 |a Pohádková vyprávění o kouzelné Píšťalce z drážního domku, muži z obrazu Diviši Divotvorovi, vodnickém skřítku Slavoji, školním duchu Dobroduchovi, skřítku Knihomilovi a loupežníku Lotrovi. 
655 7 |a české příběhy  |7 fd133973  |2 czenas 
655 7 |a publikace pro děti  |7 fd133156  |2 czenas 
655 9 |a Czech stories  |2 eczenas 
655 9 |a children's literature  |2 eczenas 
700 1 |a Šajnerová, Tereza,  |d 1990-  |7 xx0239043  |4 ill 
910 2 |a BOA001  |b 2-1456.615 
920 |a 4566153  |z ABG001 
990 |a BK 
995 |a 01 
991 |b 202102  |c NOV 
996 6 |b 2610848218  |c 2-1456.615  |l MZK  |r Sklad / do 1 hodiny  |n 0  |p p.v.  |w 001837784  |u 000010  |a 1  |e BOA001  |j MZK50  |s P